01418nam a2200241Ia 4500001053100000002005100531008003700582010001100619530002200630650003800652650003100690650004700721650003900768650007400807650003700881650004000918650003400958700005600992700003701048700005301085942001901138999001901157IA_In a consecutive way to the innate curiosity that they arose to the persons who at present take charge governing this company it is to make a diagnosis by means of technologies as the analysis factorial, the counterfoil FODA and with the fishbone do emphasis in which it is the major problem that he afflicts to the company and this way to put end by means of strategies that allow a constant improvement the company already be to shortly, medium and long-term depending on the circumstances on which every strategy is focused.ANALISIS SITUACIONAL Y PROCESO ESTRATEGICO DE LA E220117s xx 000 0 und d a184232 aDisponible en PDF aAdministrative management9148850 aEntrepreneurship 9148030 aFood industryxNeeds assessments 9156589 aGestión administrativa 9148852 aIndustria de los alimentosxIdentificación de necesidades 9156590 aIniciativa empresarial 9148031 aInvestigación operativa 9156591 aOperations research 9154461 aMolina González, María Xochitl, asesor 91637001 aPonce Hernández, Pedro9147918 aReyna Izaguirre, Diana América, asesor9163686 cTESIS G47 2011 c184232d184232